[Event "Hamburg-chT Landesliga 2122"]
[Site "Hamburg"]
[Date "2022.03.27"]
[Round "6.6"]
[White "Kessler, Bernd"]
[Black "Weidmann, Kevin"]
[Result "1/2-1/2"]
[WhiteElo "2028"]
[BlackElo "1947"]
[PlyCount "86"]
[EventDate "2021.10.31"]
[EventType "team-tourn"]
[EventRounds "9"]
[EventCountry "GER"]
[SourceTitle "EXT 2023"]
[Source "ChessBase"]
[SourceDate "2022.10.05"]
[SourceVersion "1"]
[SourceVersionDate "2022.10.05"]
[SourceQuality "1"]
[WhiteTeam "St Pauli III"]
[BlackTeam "Hamburger SK IV"]
[WhiteTeamCountry "GER"]
[BlackTeamCountry "GER"]

1. d4 Nf6 2. Bg5 Ne4 3. h4 c5 4. d5 Qb6 5. Qc1 g6 6. c3 Bg7 7. Nd2 Nxg5 8. hxg5 d6 9. e4 e6 10. Nc4 Qc7 11. dxe6 Bxe6 12. Qf4 Bxc4 13. Bxc4 Nc6 14. Nf3 a6 15. Rd1 Rd8 16. Bd5 Rd7 17. Rd2 b5 18. Nh2 Ne5 19. Ng4 Nxg4 20. Qxg4 b4 21. Rd3 a5 22. 0-0 h5 23. gxh6 Rxh6 24. f4 c4 25. Rh3 Qb6+ 26. Kh1 Rxh3+ 27. Qxh3 Rc7 28. f5 gxf5 29. Qxf5 Qe3 30. Bxf7+ Kd8 31. Qh7 Qh6+ 32. Qxh6 Bxh6 33. Bd5 Bg7 34. g4 bxc3 35. bxc3 Bxc3 36. Rf8+ Kd7 37. Rf7+ Kd8 38. Rxc7 Kxc7 39. Bxc4 Kd7 40. Kg2 Ke7 41. g5 Bd2 42. g6 Kf6 43. Bf7 Bh6 1/2-1/2

[Event "Hamburg-chT Landesliga 2122"]
[Site "Hamburg"]
[Date "2021.12.12"]
[Round "3.6"]
[White "Kessler, Bernd"]
[Black "Peters, Thomas"]
[Result "1/2-1/2"]
[WhiteElo "2028"]
[BlackElo "1832"]
[PlyCount "62"]
[EventDate "2021.10.31"]
[EventType "team-tourn"]
[EventRounds "9"]
[EventCountry "GER"]
[SourceTitle "EXT 2023"]
[Source "ChessBase"]
[SourceDate "2022.10.05"]
[SourceVersion "1"]
[SourceVersionDate "2022.10.05"]
[SourceQuality "1"]
[WhiteTeam "St Pauli III"]
[BlackTeam "Fischbek"]
[WhiteTeamCountry "GER"]
[BlackTeamCountry "GER"]

1. d4 d5 2. Bg5 c6 3. Nf3 Qb6 4. Qc1 Bg4 5. Nbd2 e6 6. e3 h6 7. Bh4 Nd7 8. Bd3 f5 9. Bg3 Ngf6 10. Ne5 Nxe5 11. Bxe5 Nd7 12. Bg3 c5 13. c3 Be7 14. Nf3 Bxf3 15. gxf3 g5 16. f4 g4 17. h3 gxh3 18. Rxh3 0-0-0 19. Qc2 Kb8 20. Bh4 Bxh4 21. Rxh4 Rdg8 22. 0-0-0 cxd4 23. exd4 Rg4 24. Rdh1 Rxh4 25. Rxh4 Nf8 26. Rh1 Qd6 27. Rg1 Qxf4+ 28. Kb1 h5 29. Qa4 Qc7 30. Qe8+ Qc8 31. Qe7 h4 1/2-1/2

[Event "Hamburg St Pauli op-A"]
[Site "Hamburg"]
[Date "2014.07.26"]
[Round "8"]
[White "Kessler, Bernd"]
[Black "Nahnsen, Kenneth"]
[Result "1-0"]
[WhiteElo "2017"]
[BlackElo "1746"]
[PlyCount "35"]
[EventDate "2014.07.19"]
[EventType "swiss"]
[EventRounds "9"]
[EventCountry "GER"]
[SourceTitle "CBM 161 Extra"]
[Source "ChessBase"]
[SourceDate "2014.08.29"]
[SourceVersion "1"]
[SourceVersionDate "2014.08.29"]
[SourceQuality "1"]

1. d4 c5 2. e3 Nf6 3. Nf3 e6 4. Bd3 d5 5. b3 Nc6 6. 0-0 Bd6 7. Bb2 0-0 8. Nbd2 b6 9. Ne5 Qc7 10. f4 Nb4 11. Be2 Nd7 12. a3 Nc6 13. c4 f6 14. Nxc6 Qxc6 15. Bf3 f5 16. cxd5 exd5 17. Nc4 Ba6 18. dxc5 1-0

[Event "Hamburg St Pauli op-A"]
[Site "Hamburg"]
[Date "2011.07.17"]
[Round "9"]
[White "Wronn, Bernd"]
[Black "Kessler, Bernd"]
[Result "1-0"]
[WhiteElo "2196"]
[BlackElo "2082"]
[PlyCount "109"]
[EventDate "2011.07.09"]
[EventType "swiss"]
[EventRounds "9"]
[EventCountry "GER"]
[SourceTitle "CBM 143 Extra"]
[Source "ChessBase"]
[SourceDate "2011.08.29"]
[SourceVersion "1"]
[SourceVersionDate "2011.08.29"]
[SourceQuality "1"]

1. Nf3 Nf6 2. c4 c5 3. Nc3 Nc6 4. d4 cxd4 5. Nxd4 g6 6. e4 d6 7. Be2 Bg7 8. Nc2 Nd7 9. Bd2 a5 10. b3 Nc5 11. f3 0-0 12. 0-0 f5 13. Rb1 fxe4 14. Nxe4 Bf5 15. Ng3 e6 16. Nxf5 gxf5 17. Be3 f4 18. Bf2 Rf5 19. a3 Qf8 20. b4 axb4 21. axb4 Na4 22. Bd3 Rh5 23. Rb3 Nb2 24. Qe2 Qf6 25. g4 Re5 26. Qd2 Nxd3 27. Rxd3 Ra2 28. Rxd6 Nxb4 29. Rd8+ Bf8 30. Bc5 Rxc5 31. Qd6 Rc6 32. Rxf8+ Qxf8 33. Qxf8+ Kxf8 34. Nxb4 Ra4 35. Nxc6 bxc6 36. Re1 Rxc4 37. Rxe6 Kf7 38. Re5 Kg6 39. Rf5 Rc1+ 40. Kg2 Rc2+ 41. Kh3 Rc4 42. Kh4 Rc2 43. h3 h6 44. Rxf4 c5 45. Rf8 c4 46. f4 c3 47. f5+ Kg7 48. Rc8 Kf6 49. Rc6+ Ke5 50. Kh5 Kd4 51. f6 Rh2 52. h4 c2 53. f7 Rf2 54. Rxc2 Rxf7 55. Kxh6 1-0

[Event "Hamburg St Pauli op-A"]
[Site "Hamburg"]
[Date "2011.07.10"]
[Round "2"]
[White "Kessler, Bernd"]
[Black "Sabel, Reinhard"]
[Result "1/2-1/2"]
[WhiteElo "2082"]
[BlackElo "2034"]
[PlyCount "30"]
[EventDate "2011.07.09"]
[EventType "swiss"]
[EventRounds "9"]
[EventCountry "GER"]
[SourceTitle "CBM 143 Extra"]
[Source "ChessBase"]
[SourceDate "2011.08.29"]
[SourceVersion "1"]
[SourceVersionDate "2011.08.29"]
[SourceQuality "1"]

1. e4 e5 2. Nf3 Nc6 3. Bb5 f5 4. Nc3 fxe4 5. Nxe4 Nf6 6. Qe2 d5 7. Nxf6+ gxf6 8. d4 e4 9. Nh4 Qd6 10. Qh5+ Kd8 11. Bxc6 bxc6 12. 0-0 Bd7 13. f3 Be8 14. Qg4 Bd7 15. Qh5 Be8 1/2-1/2

[Event "Hamburg St Pauli op-A"]
[Site "Hamburg"]
[Date "2010.07.16"]
[Round "7"]
[White "Kuegel, Tobias"]
[Black "Kessler, Bernd"]
[Result "0-1"]
[WhiteElo "1939"]
[BlackElo "2074"]
[PlyCount "120"]
[EventDate "2010.07.10"]
[EventType "swiss"]
[EventRounds "9"]
[EventCountry "GER"]
[SourceTitle "EXT 2013"]
[Source "ChessBase"]
[SourceDate "2012.11.22"]
[SourceVersion "1"]
[SourceVersionDate "2012.11.22"]
[SourceQuality "1"]

1. d4 c5 2. e3 g6 3. c3 cxd4 4. exd4 Bg7 5. Nf3 Nf6 6. Bf4 0-0 7. Bd3 d6 8. Nbd2 e5 9. Bg5 exd4 10. Nxd4 Nc6 11. N2f3 Bg4 12. 0-0 Nxd4 13. cxd4 Qb6 14. Qb3 Qa5 15. Bd2 Qh5 16. Be2 Rae8 17. Rfe1 Ne4 18. Bf4 Qf5 19. Bg3 Nxg3 20. hxg3 Bxf3 21. Bxf3 Bxd4 22. Qa4 Rxe1+ 23. Rxe1 Qc5 24. Re2 b5 25. Qb3 Rc8 26. Re7 Bxf2+ 27. Kf1 Rf8 28. Bd5 Kg7 29. Qf3 Bd4 30. Rxf7+ Rxf7 31. Qxf7+ Kh6 32. Qf8+ Bg7 33. Qf4+ g5 34. Qd2 Qd4 35. Qxd4 Bxd4 36. b4 Bc3 37. Bc6 Bxb4 38. Bxb5 Kg7 39. g4 Kf6 40. Ke2 Ke5 41. Kd3 Kf4 42. Bd7 Kg3 43. Bc6 Kxg4 44. a4 a5 45. Ke4 h5 46. Bd7+ Kg3 47. Kf5 Bd2 48. Bc6 g4 49. Ke6 Bf4 50. Kf5 h4 51. Be4 Be5 52. Bd5 h3 53. gxh3 gxh3 54. Ke4 Kf2 55. Kf5 h2 56. Ke6 Kg1 57. Kd7 h1Q 58. Bxh1 Kxh1 59. Kc6 Kg2 60. Kb5 Bc3 0-1

[Event "Hamburg St Pauli op-A"]
[Site "Hamburg"]
[Date "2010.07.14"]
[Round "6"]
[White "Kessler, Bernd"]
[Black "Kaufeld, Juergen"]
[Result "0-1"]
[WhiteElo "2074"]
[BlackElo "2292"]
[PlyCount "84"]
[EventDate "2010.07.10"]
[EventType "swiss"]
[EventRounds "9"]
[EventCountry "GER"]
[SourceTitle "EXT 2013"]
[Source "ChessBase"]
[SourceDate "2012.11.22"]
[SourceVersion "1"]
[SourceVersionDate "2012.11.22"]
[SourceQuality "1"]

1. e4 c5 2. Nf3 d6 3. d4 cxd4 4. Nxd4 Nf6 5. Nc3 Nc6 6. Nf3 e6 7. Bd3 Be7 8. Qe2 0-0 9. 0-0 a6 10. Bf4 e5 11. Bg5 Be6 12. Bxf6 Bxf6 13. Nd5 Bxd5 14. exd5 Ne7 15. Rac1 g6 16. c4 b6 17. b4 a5 18. a3 Bg7 19. Nd2 f5 20. c5 bxc5 21. bxc5 dxc5 22. Rxc5 Qd6 23. Rb5 e4 24. Bc2 Kh8 25. Nc4 Qa6 26. Rfb1 Rac8 27. Nb6 Rcd8 28. Qd2 Nc6 29. Ba4 f4 30. Qe1 Nd4 31. Qxa5 Qb7 32. Rc5 f3 33. Bc6 Qe7 34. Rc4 Qg5 35. g3 Qh5 36. Qe1 Ne2+ 37. Kh1 e3 38. Rb3 Nxg3+ 39. Kg1 Nf5 40. Kh1 e2 41. Rb1 Be5 42. Qg1 Ng3+ 0-1

[Event "Hamburg St Pauli op-A"]
[Site "Hamburg"]
[Date "2010.07.12"]
[Round "3"]
[White "Kessler, Bernd"]
[Black "Strobel, Holger"]
[Result "1/2-1/2"]
[WhiteElo "2074"]
[BlackElo "2193"]
[PlyCount "77"]
[EventDate "2010.07.10"]
[EventType "swiss"]
[EventRounds "9"]
[EventCountry "GER"]
[SourceTitle "EXT 2013"]
[Source "ChessBase"]
[SourceDate "2012.11.22"]
[SourceVersion "1"]
[SourceVersionDate "2012.11.22"]
[SourceQuality "1"]

1. e4 c5 2. Nf3 d6 3. d4 cxd4 4. Nxd4 Nf6 5. Nc3 g6 6. f3 Bg7 7. Be3 Nc6 8. Bc4 0-0 9. Bb3 Bd7 10. Qd2 Qb8 11. h4 h5 12. Nd5 Nxd5 13. Bxd5 e6 14. Bb3 d5 15. 0-0-0 dxe4 16. g4 hxg4 17. fxg4 Nxd4 18. Bxd4 e5 19. Bc5 Bxg4 20. Bxf8 Qxf8 21. Qg2 Bxd1 22. Rxd1 Kh7 23. h5 Rd8 24. hxg6+ fxg6 25. Rh1+ Bh6+ 26. Kb1 Qf3 27. Qg1 e3 28. c3 e2 29. Bc2 e4 30. a3 Rf8 31. Ka2 Qf1 32. Qh2 Qf7+ 33. Bb3 Qf4 34. Qxe2 Rf5 35. Qc4 Rf8 36. Qe6 e3 37. Qd7+ Kh8 38. Qe6 Kh7 39. Qd7+ 1/2-1/2

[Event "Pinneberg-ch"]
[Site "Pinneberg"]
[Date "2007.10.04"]
[Round "6"]
[White "Draeger, Klaus"]
[Black "Kessler, Bernd"]
[Result "0-1"]
[WhiteElo "1932"]
[BlackElo "2088"]
[PlyCount "54"]
[EventDate "2007.08.30"]
[EventType "swiss"]
[EventRounds "7"]
[EventCountry "GER"]
[SourceTitle "CBM 120 Extra"]
[Source "ChessBase"]
[SourceDate "2007.11.01"]
[SourceVersion "1"]
[SourceVersionDate "2007.11.01"]
[SourceQuality "1"]

1. e4 c5 2. Nc3 Nc6 3. Nge2 g6 4. d4 cxd4 5. Nxd4 Bg7 6. Nde2 d6 7. g3 h5 8. Bg2 Bd7 9. Nd5 Rc8 10. 0-0 h4 11. c3 Ne5 12. Be3 Nc4 13. Bxa7 Qa5 14. Bd4 e5 15. b4 Qd8 16. Be3 Nh6 17. h3 f5 18. Bxh6 Rxh6 19. a4 Be6 20. a5 hxg3 21. fxg3 Kf8 22. exf5 gxf5 23. Qd3 Kg8 24. Ne3 e4 25. Bxe4 fxe4 26. Qxe4 Nxe3 27. Qxe3 Bc4 0-1

[Event "Pinneberg-ch"]
[Site "Pinneberg"]
[Date "2007.09.20"]
[Round "4"]
[White "Kessler, Bernd"]
[Black "Kuhn, Gerd"]
[Result "1/2-1/2"]
[WhiteElo "2088"]
[BlackElo "2232"]
[PlyCount "43"]
[EventDate "2007.08.30"]
[EventType "swiss"]
[EventRounds "7"]
[EventCountry "GER"]
[SourceTitle "CBM 120 Extra"]
[Source "ChessBase"]
[SourceDate "2007.11.01"]
[SourceVersion "1"]
[SourceVersionDate "2007.11.01"]
[SourceQuality "1"]

1. d4 Nf6 2. Bg5 Ne4 3. h4 c5 4. d5 Qb6 5. Nd2 Nxd2 6. Bxd2 Qxb2 7. e4 d6 8. Bd3 Qb6 9. Ne2 Nd7 10. f4 g6 11. Bc3 Rg8 12. Qd2 Qc7 13. Bb5 Bg7 14. Bxg7 Rxg7 15. h5 g5 16. Rh3 a6 17. Qc3 f6 18. Nd4 axb5 19. Ne6 Qa5 20. Qxa5 Rxa5 21. Nxg7+ Kf7 22. Ne6 1/2-1/2

[Event "Pinneberg-ch"]
[Site "Pinneberg"]
[Date "2007.08.30"]
[Round "1"]
[White "Kessler, Bernd"]
[Black "Keuneke, Hanno"]
[Result "1-0"]
[WhiteElo "2088"]
[BlackElo "1584"]
[PlyCount "61"]
[EventDate "2007.08.30"]
[EventType "swiss"]
[EventRounds "7"]
[EventCountry "GER"]
[SourceTitle "CBM 120 Extra"]
[Source "ChessBase"]
[SourceDate "2007.11.01"]
[SourceVersion "1"]
[SourceVersionDate "2007.11.01"]
[SourceQuality "1"]

1. d4 Nf6 2. Bg5 Ne4 3. h4 Nxg5 4. hxg5 e6 5. Nf3 Be7 6. Qd2 d6 7. e4 c5 8. Bd3 cxd4 9. e5 dxe5 10. g6 f6 11. gxh7 Qb6 12. c3 Nd7 13. cxd4 exd4 14. Nxd4 Nf8 15. Nc3 Bd7 16. 0-0-0 0-0-0 17. Nb3 f5 18. Qe2 Nxh7 19. g4 Bg5+ 20. Kb1 Nf6 21. Rxh8 Rxh8 22. gxf5 exf5 23. Qc2 Kb8 24. Bxf5 Bxf5 25. Qxf5 Bh6 26. Nd5 Nxd5 27. Qxd5 Qg6+ 28. Ka1 Bg5 29. Nc5 Qc6 30. Qxg5 Rh1 31. Qd8+ 1-0

[Event "Hamburg Junge op"]
[Site "Hamburg"]
[Date "2005.10.07"]
[Round "7"]
[White "Kessler, Bernd"]
[Black "Hedke, Fred"]
[Result "0-1"]
[WhiteElo "2103"]
[BlackElo "2339"]
[PlyCount "75"]
[EventDate "2005.10.01"]
[EventType "swiss"]
[EventRounds "9"]
[EventCountry "GER"]
[SourceTitle "CBM 108 Extra"]
[Source "ChessBase"]
[SourceDate "2005.11.04"]
[SourceVersion "1"]
[SourceVersionDate "2005.11.04"]
[SourceQuality "1"]

1. d4 Nf6 2. Nf3 d5 3. Bg5 g6 4. Bxf6 exf6 5. e3 Bg7 6. c4 0-0 7. Nc3 dxc4 8. Bxc4 Nd7 9. 0-0 Nb6 10. Bb3 c6 11. Ne1 a5 12. Nd3 Qe7 13. Rc1 Rd8 14. a3 Bf5 15. Nc5 Rab8 16. Qf3 Na8 17. Rfd1 Nc7 18. h3 h5 19. e4 Bc8 20. Qg3 Kh7 21. f4 b6 22. N5a4 f5 23. e5 Be6 24. Bc2 Bf8 25. Qf2 c5 26. dxc5 b5 27. Nxb5 Rxb5 28. Rxd8 Qxd8 29. Rd1 Qc8 30. Bd3 Bb3 31. Bxb5 Bxd1 32. Nb6 Qd8 33. Bd7 Na6 34. b4 axb4 35. axb4 Nxb4 36. Qd4 Na6 37. Na4 Bxa4 38. Qxa4 0-1

[Event "Budapest Spring op 18th"]
[Site "Budapest"]
[Date "2002.03.21"]
[Round "7"]
[White "Kessler, Bernd"]
[Black "Dombai, Istvan"]
[Result "1/2-1/2"]
[WhiteElo "2099"]
[BlackElo "2214"]
[PlyCount "67"]
[EventDate "2002.03.15"]
[EventType "swiss"]
[EventRounds "9"]
[EventCountry "HUN"]
[SourceTitle "CBM 087 Extra"]
[Source "ChessBase"]
[SourceDate "2002.05.03"]
[SourceVersion "2"]
[SourceVersionDate "2002.08.09"]
[SourceQuality "1"]

1. d4 Nf6 2. Nf3 g6 3. Bf4 Bg7 4. e3 0-0 5. Nbd2 d6 6. Bc4 Nbd7 7. c3 Qe8 8. Bg5 e5 9. dxe5 dxe5 10. e4 Nc5 11. Qc2 Be6 12. Be3 Ncxe4 13. Bxe6 Nxd2 14. Bxf7+ Rxf7 15. Bxd2 b6 16. Ng5 Re7 17. 0-0 h6 18. Ne4 Kh7 19. h4 Qc6 20. Rfe1 Rf8 21. c4 Rd7 22. Bb4 Rfd8 23. Nxf6+ Qxf6 24. h5 Qf5 25. hxg6+ Kxg6 26. Qxf5+ Kxf5 27. Bc3 Bf6 28. f3 h5 29. Re4 Rg8 30. Rae1 Rd3 31. Kf2 Rgd8 32. g3 R8d6 33. Rh1 Kg6 34. Rhe1 1/2-1/2

[Event "Wichern op 6th"]
[Site "Hamburg"]
[Date "2001.10.16"]
[Round "4.21"]
[White "Kessler, Bernd"]
[Black "Putzbach, Gerd"]
[Result "1/2-1/2"]
[WhiteElo "2108"]
[BlackElo "2235"]
[PlyCount "147"]
[EventDate "2001.10.21"]
[EventType "swiss"]
[EventRounds "9"]
[EventCountry "GER"]
[SourceTitle "EXT 2002"]
[Source "ChessBase"]
[SourceDate "2001.11.25"]
[SourceVersion "1"]
[SourceVersionDate "2001.11.25"]
[SourceQuality "1"]

1. d4 d5 2. Nf3 Nf6 3. e3 Bf5 4. Bd3 e6 5. Bxf5 exf5 6. Qd3 Qc8 7. c4 c6 8. cxd5 cxd5 9. 0-0 Nc6 10. Nc3 Bd6 11. b3 0-0 12. Nb5 Qd7 13. Nxd6 Qxd6 14. Qxf5 Ne4 15. Ng5 Nxg5 16. Qxg5 f5 17. a4 Rf6 18. Ba3 Qd7 19. Qf4 Re8 20. f3 Na5 21. Bb4 Nc6 22. Bd2 Nd8 23. Qh4 Ne6 24. Qf2 g5 25. Bc3 h5 26. Rac1 h4 27. h3 Ng7 28. Qd2 Rg6 29. Qd3 Nh5 30. Be1 Qf7 31. Bf2 Rge6 32. Rfe1 Ng3 33. Bxg3 hxg3 34. Rc5 R6e7 35. b4 b6 36. Rc6 Kg7 37. Qc3 f4 38. e4 dxe4 39. d5+ Kh7 40. d6 Rd7 41. Rxe4 Rxe4 42. Qd3 Qb3 43. Qxe4+ Kh6 44. Qe1 Qd5 45. Qc1 Qd4+ 46. Kh1 Qxb4 47. Qa1 Kg6 48. Rc8 Qxd6 49. Rc1 Qd4 50. Qb1+ Kg7 51. Re1 Kf6 52. Qb5 Qc3 53. Qe2 Qe3 54. Qb2+ Kf7 55. Qa2+ Kf8 56. Qb1 Qd3 57. Qb2 Rd4 58. Qa2 Qc4 59. Qb1 Rd3 60. Rc1 Qd4 61. Re1 a5 62. Qb5 Re3 63. Qf5+ Ke8 64. Rc1 Qc5 65. Qg6+ Kd7 66. Rd1+ Kc7 67. Qg8 Re7 68. Qa8 Qe3 69. Qd8+ Kc6 70. Qd5+ Kc7 71. Qd8+ Kb7 72. Rd7+ Rxd7 73. Qxd7+ Ka6 74. Qc8+ 1/2-1/2

[Event "Wichern op 6th"]
[Site "Hamburg"]
[Date "2001.10.14"]
[Round "2.22"]
[White "Kessler, Bernd"]
[Black "Zierke, Oliver"]
[Result "0-1"]
[WhiteElo "2108"]
[BlackElo "2279"]
[PlyCount "88"]
[EventDate "2001.10.21"]
[EventType "swiss"]
[EventRounds "9"]
[EventCountry "GER"]
[SourceTitle "EXT 2002"]
[Source "ChessBase"]
[SourceDate "2001.11.25"]
[SourceVersion "1"]
[SourceVersionDate "2001.11.25"]
[SourceQuality "1"]

1. d4 e6 2. Nf3 Nf6 3. c3 b6 4. Bg5 Bb7 5. Nbd2 d5 6. Ne5 Be7 7. e3 Nfd7 8. Bxe7 Qxe7 9. f4 Nxe5 10. fxe5 Qh4+ 11. g3 Qh6 12. Qf3 0-0 13. Bd3 f6 14. 0-0 Nd7 15. Qf4 fxe5 16. Qxh6 gxh6 17. e4 exd4 18. cxd4 c5 19. Bb5 Rad8 20. exd5 Bxd5 21. Rac1 Rxf1+ 22. Kxf1 cxd4 23. Rc7 Nf6 24. Rxa7 Rc8 25. Bd3 Rc1+ 26. Ke2 Rh1 27. Nf3 e5 28. Nxe5 Rxh2+ 29. Kd1 Rxb2 30. Bc4 Bxc4 31. Ra8+ Kg7 32. Ra7+ Kh8 33. Nxc4 Rb4 34. Ne5 h5 35. Kd2 Ne4+ 36. Kd3 Nc5+ 37. Kc2 d3+ 38. Nxd3 Rc4+ 39. Kd2 Rd4 40. Ra3 Kg7 41. Ke3 Rxd3+ 42. Rxd3 Nxd3 43. Kxd3 Kf6 44. Kc4 Kf5 0-1

[Event "Wichern op 5th"]
[Site "Hamburg"]
[Date "1999.10.22"]
[Round "9.74"]
[White "Buck, Lars"]
[Black "Kessler, Bernd"]
[Result "1-0"]
[WhiteElo "2145"]
[BlackElo "2020"]
[PlyCount "113"]
[EventDate "1999.10.15"]
[EventType "swiss"]
[EventRounds "9"]
[EventCountry "GER"]
[SourceTitle "EXT 2001"]
[Source "ChessBase"]
[SourceDate "2000.11.22"]
[SourceVersion "1"]
[SourceVersionDate "2000.11.22"]
[SourceQuality "1"]

1. d4 Nf6 2. c4 e6 3. Nf3 b6 4. g3 Bb7 5. Bg2 Be7 6. 0-0 0-0 7. Qc2 d6 8. Bg5 Nbd7 9. Nbd2 c5 10. e4 cxd4 11. Nxd4 e5 12. Nb5 a6 13. Nc3 Nc5 14. b4 Ne6 15. Be3 Ng4 16. Qd3 Nxe3 17. fxe3 Re8 18. h4 Bc6 19. Rf2 a5 20. b5 Nc5 21. Qf1 Bd7 22. Bh3 Qc8 23. Bxd7 Qxd7 24. Nd5 Bd8 25. Qe2 Qe6 26. Raf1 Ra7 27. Qf3 Qg6 28. Rh2 Rb7 29. Kh1 h5 30. Rg1 Re6 31. g4 hxg4 32. Rxg4 Qh6 33. h5 Qh7 34. Rhg2 g6 35. Kg1 Kg7 36. h6+ Kg8 37. Rh2 Kh8 38. Qg2 Qg8 39. Nf3 Nxe4 40. Rxe4 f5 41. Reh4 Bxh4 42. Nxh4 Rf7 43. Nf3 g5 44. Rh5 Qg6 45. Rxg5 Qxh6 46. Rg3 Rg7 47. Rxg7 Qxg7 48. Qxg7+ Kxg7 49. Nxb6 Rg6+ 50. Kf2 Kf7 51. c5 Ke6 52. c6 Rg7 53. c7 Rxc7 54. Ng5+ Ke7 55. Nd5+ Kd7 56. Nxc7 Kxc7 57. a4 1-0

[Event "Wichern op 5th"]
[Site "Hamburg"]
[Date "1999.10.20"]
[Round "7.71"]
[White "Porth, Hartmut"]
[Black "Kessler, Bernd"]
[Result "1-0"]
[WhiteElo "2198"]
[BlackElo "2020"]
[PlyCount "95"]
[EventDate "1999.10.15"]
[EventType "swiss"]
[EventRounds "9"]
[EventCountry "GER"]
[SourceTitle "EXT 2001"]
[Source "ChessBase"]
[SourceDate "2000.11.22"]
[SourceVersion "1"]
[SourceVersionDate "2000.11.22"]
[SourceQuality "1"]

1. e4 e5 2. Nf3 Nc6 3. Bc4 Be7 4. d4 exd4 5. Nxd4 Ne5 6. Be2 d6 7. f4 Ng6 8. Nc3 Nf6 9. 0-0 h5 10. Nf5 Bxf5 11. exf5 Nh4 12. Bd3 Qd7 13. Nb5 Nxf5 14. Qf3 0-0 15. Qxb7 Rab8 16. Qxc7 Qe6 17. Nc3 Bd8 18. Qxb8 Bb6+ 19. Qxb6 axb6 20. Bd2 Qc8 21. Ne4 Ng4 22. Bb4 Rd8 23. Rfe1 d5 24. Ng5 b5 25. Re2 Qd7 26. Rae1 Qa7+ 27. Kh1 Nd6 28. Bxd6 Nf2+ 29. Rxf2 Qxf2 30. Rf1 Qa7 31. Bb4 g6 32. a3 Re8 33. Nh3 Qe3 34. Ng5 Kg7 35. Nf3 Qxf4 36. Bc3+ Kg8 37. Nd4 Qb8 38. Nc6 Qc7 39. Nd4 Qe5 40. Nf3 Qd6 41. h3 Qd7 42. Ne5 Qe6 43. Rxf7 d4 44. Bxd4 Qd5 45. Rd7 Qa2 46. Bxg6 Qb1+ 47. Kh2 Rf8 48. Bh7+ 1-0